Responses for Show #4885 - Friday, December 2, 2005

Contestants

[<< previous game]

Glenda Niemiec, a payroll specialist from St. Paul, Minnesota

Michael Levitin, an attorney from Arlington, Virginia

Adam Weinstein, a graduate student from Fort Lauderdale, Florida (whose 1-day cash winnings total $20,000)

[next game >>]

Jeopardy! Round responses

THE FRENCH REVOLUTION
TV FANS
COUNTRIES BY CAPITAL
NEW HERE?
HEY! TAKE MY PICTURE!
SAY CHEESE!
    $200 2
bread

Michael
    $200 6
Dallas

Adam
    $200 8
Chile

Adam
    $200 21
a rookie

Adam
    $200 26
Steffi Graf

Adam
    $200 16
Limburger

Adam
    $400 3
slavery

Adam
    $400 7
The Honeymooners

Triple Stumper
    $400 9
Malta

Michael
    $400 22
law school

Glenda
    $400 27
Abbie Hoffman

Adam
    $400 17
munster

Glenda
    $600 4
Lafayette

Michael
    $600 14
Howdy Doody

Glenda
    $600 10
Haiti

Adam
    $600 23
freshman

Adam
    $600 28
(Alex: They are both Mrs. Bush, but it's [*].)

Laura Welch (or Barbara Pierce)

Triple Stumper
    $600 18
(Alex: What's the other famous cheese? Gouda and [*]. [*]. Eat 'em up.)

Edam

Triple Stumper
    $800 5
(Alex: And [*] obviously won.)

"La Marseillaise"

Glenda
    $800 15
Arsenio Hall

Adam
    $800 11
Gabon

Triple Stumper
    $800 24
(Adam: Hoo-rah!)

recruit

Adam
    $800 29
Glory & Training Day

Glenda
    $800 19
(Glenda: What is Brie?)
...
(Alex: Similar to Brie, [*].)

Camembert

Glenda
Triple Stumper
    $1000 1
(Michael: What are the Montagnards?)

the Jacobins

AdamMichael
    $1000 13
Xena: Warrior Princess

Glenda
    $1000 12
Dominica

Triple Stumper
    $1,200 25
a novice

Adam
    $1000 30
(Alex: Of Egypt, yes indeed.)

Hosni Mubarak

Michael
    $1000 20
Roquefort

Triple Stumper

Scores at the first commercial break (after clue 15):

Adam Michael Glenda
$3,200 $200 $2,400

Scores at the end of the Jeopardy! Round:

Adam Michael Glenda
$6,800 $1,200 $3,200

Double Jeopardy! Round responses

PHILOSOPHY
SPORTS NICKNAMES
SCIENC"E" & NATUR"E"
MUSICAL INSTRUMENTS
HENRY IV, PART 2
BIG WORDS
    $400 5
an effect

Adam
    $400 1
"Stone"

Glenda
    $400 27
extinction

Glenda
    $400 21
(Adam: What is a recorder?)

a piccolo

AdamGlenda
    $400 16
Henry IV, Part I

Michael
    $400 2
a giant

Glenda
    $5,000 8
mind

Adam
    $800 9
"Super" Mario

Michael
    $800 28
electric energy

Michael
    $800 19
cymbals

Adam
    $800 17
(Adam: What is Henry VIII?)
...
(Alex: Yes, the one who follows Henry IV.)

Henry V

AdamMichael
    $800 3
the Titanic

Adam
    $1200 7
Summa Theologica

Adam
    $1200 10
"Tractor" Traylor

Adam
    $1200 24
an erg

Adam
    $1200 20
(Adam: What is Ireland?)
...
(Alex: [*] with that spelling, yes.)

Wales

AdamGlenda
    $1200 18
Robin Hood

Adam
    $1200 13
spacious

Glenda
    $1600 6
a Neo-Platonist

Adam
    $1600 11
(Adam: What is "Toe"?)

"Head"

Adam
Triple Stumper
    $1600 25
epinephrine

Triple Stumper
    $1600 22
pianoforte

Adam
    $200 29
[The end-of-round signal sounds.]

Falstaff

Michael
    $1600 14
vast

Michael
    $2000 4
Hegel

Michael
    $2000 12
"Muffin"

Michael
    $2000 26
(Glenda: What is an Erlenger flask?)

an Erlenmeyer flask

Glenda
Triple Stumper
    $2000 23
a diatonic harmonica

Triple Stumper
    $2000 15
(Alex: And the room was [*]. That's the big word.)
[Cummings' name was lowercased in the clue as displayed.]

enormous

Triple Stumper

Scores at the end of the Double Jeopardy! Round:

Adam Michael Glenda
$17,800 $9,800 $5,200

[wagering suggestions for these scores]

Final Jeopardy! Round responses

1950s MOVIE ENSEMBLES
(Alex: All these actors appeared in one of my favorite films. There are 11 names up there.)
...
(Alex: The movie was 12 Angry Men. It was produced and starred Henry [*]. You are right. I hope you wagered a lot.)
GlendaWho is Landau?
$5,000
MichaelWho are Randle?
$8,900
AdamWho is Fonda?
$1,900
Fonda

Final scores:

Adam Michael Glenda
$19,700 $900 $200
2-day champion: $39,700 2nd place: $2,000 3rd place: $1,000

Game dynamics:

Coryat scores:

Adam Michael Glenda
$13,400 $11,200 $5,200
23 R
(including 2 DDs),
4 W
12 R
(including 1 DD),
1 W
12 R,
2 W

Combined Coryat: $29,800

[game clues] [game scores] [suggest correction]

Game tape date: 2005-09-13
The J! Archive is created by fans, for fans. Scraping, republication, monetization, and malicious use prohibited; this site may use cookies and collect identifying information. See terms. The Jeopardy! game show and all elements thereof, including but not limited to copyright and trademark thereto, are the property of Jeopardy Productions, Inc. and are protected under law. This website is not affiliated with, sponsored by, or operated by Jeopardy Productions, Inc. Join the discussion at JBoard.tv.